000 00402nam a2200157 i 4500
001 bg
245 0 _aDeutsch ein Lehrbuch für Ausländer :
_bVokabelverzeichnis.
_nTl.1a.
260 _aLeipzig,
_c1973.
650 _aJęzyk niemiecki
655 _aPodręczniki akademickie
040 _cBPK
041 _apol
080 _a803.0(075.8)
942 _cKS
008 s pl f |000 0 pol
999 _c179
_d179
856 _uhttp://koha.tu.koszalin.pl/cgi-bin/koha/opac-detail.pl?biblionumber=179
_yKatalog online BPK